Asambleas episcopales
Uloženo v:
| Hlavní autor: | |
|---|---|
| Médium: | Kniha |
| Jazyk: | španělština |
| Vydáno: |
Ciudad del Vaticano
Biblioteca Apostólica Vaticana
1997
|
| Edice: | Monumenta Iuris Canonici. Series C: Subsidia, 10
|
| Témata: | |
| Tagy: |
Přidat tag
Žádné tagy, Buďte první, kdo vytvoří štítek k tomuto záznamu!
|
MARC
| LEADER | 00000nam a2200000 a 4500 | ||
|---|---|---|---|
| 001 | UCL3415 | ||
| 003 | CL-VaPUC | ||
| 008 | 031128e19970000VC |||||||||||||||||spa|d | ||
| 082 | 0 | 4 | |a 262.9 |b GAR |2 21 |
| 100 | |a García y García, Antonio |e author |9 620175 | ||
| 245 | 1 | 0 | |a Asambleas episcopales |
| 300 | |a pág. irreg | ||
| 942 | |c BK | ||
| 945 | |d 20031128 00:00:00 |a rbrito | ||
| 260 | |a Ciudad del Vaticano |b Biblioteca Apostólica Vaticana |c 1997 | ||
| 500 | |a Separata de: Proceedings of the ninth international congress of medieval canon law. Munich, 13-18 july 1992 | ||
| 650 | 7 | |a DERECHO CANONICO |2 CL-VaPUC |9 480691 | |
| 650 | 0 | |a Edad media |9 258041 | |
| 650 | 0 | |a Congresos |9 257560 | |
| 583 | |a last modification |c 20031128 00:00:00 |k Rodrigo Vera | ||
| 490 | 0 | |a Monumenta Iuris Canonici. Series C: Subsidia, 10 | |
| 999 | |c 306457 |d 306455 | ||
| 952 | |0 0 |1 0 |2 ddc |4 0 |6 262_900000000000000_GAR_1997 |7 0 |8 DER_HDC |9 371482 |a BIBDER |b BIBDER |d 2019-11-21 |i 3964558 |o 262.9 GAR 1997 |p 3964558 |r 2023-01-25 |w 2019-11-21 |x Ubicación 4to Piso |y MX |z Estos recursos deben solicitarse con anticipación |k DER | ||